000 00237nam a22000977a 4500
008 240219b |||||||| |||| 00| 0 eng d
082 _aA LYOm Ej.1
100 1 0 _aLyona
_eIlustradora
_943445
245 _aUn monstruo /
_cLyona
942 _2ddc
999 _c30621
_d17005